000 00461cam a22001457a 4500
008 180718b1960 xxu||||| |||| 00| 0 eng d
082 _aLx42 C152
100 _aCampbell, A.E.
245 _aGreat Britain and the United States, 1895-1903
_cby A.E. Campbell
260 _aLondon
_bLongmans
_c1960
300 _a216p.
500 _a30/-
650 _aGreat Britain --Foreign relations --United States
650 _aUnited States --Foreign relations --Great Britain
999 _c478633
_d478633